000 01325cam a22003618i 4500
999 _c10233
_d10233
001 22991640
003 GBCCL
005 20241126110728.0
008 230228s2023 miu b 001 0 eng
010 _a 2023009233
020 _a9780801035746
_q(cloth)
020 _z9781493439904
_q(ebook)
020 _z9781493439911
_q(pdf)
040 _aDLC
_beng
_erda
_cDLC
_dDLC
042 _apcc
050 0 0 _aBS1265.53
_b.A93 2023
082 0 0 _a221.7
_a222/.1407
_223/eng/20230518
_bBAK
100 1 _aAwabdy, Mark A.,
_d1981-
_eauthor.
_917781
245 1 0 _aNumbers /
_cMark A. Awabdy.
263 _a2311
264 1 _aGrand Rapids, Michigan :
_bBaker Academic, a division of Baker Publishing Group,
_c2023.
300 _apages cm.
336 _atext
_btxt
_2rdacontent
337 _aunmediated
_bn
_2rdamedia
338 _avolume
_bnc
_2rdacarrier
490 0 _aBaker commentary on the Old Testament: Pentateuch
504 _aIncludes bibliographical references and index.
520 _a"This substantive and useful commentary on the book of Numbers explores the contemporary significance of this biblical book"--
_cProvided by publisher.
630 0 0 _aBible.
_pNumbers
_vCommentaries.
_9742
906 _a7
_bcbc
_corignew
_d1
_eecip
_f20
_gy-gencatlg
942 _2ddc
_cREF